00521nam a22002057a 450000500170000001000130001702000100003003500130004003700160005304000120006908200190008110000200010024500500012024600060017026000480017627000350022430000240025965000110028365000210029420170124110211.0 aA-284126 c30.00 aA-284126 bCen Lib/Ret aDPLbEN a327.54043bSAH aSaha, Panchanan aRabindranath and Germany /cby Panchanan Saha b  aCalcuttabIndo-GDR Friendship Societyc1986 a27-G, College StreetbCalcutta axxi,102p.c22cm(Hb) aTravel aAuthors, Bengali